| 000 | 00991nam a2200265Ia 4500 | ||
|---|---|---|---|
| 003 | OSt | ||
| 005 | 20220923230942.0 | ||
| 006 | a|||||r|||| 00| 0 | ||
| 007 | ta | ||
| 008 | 220922b |||||||| |||| 00| 0 hin d | ||
| 024 | _a322,915 | ||
| 037 | _cTextual | ||
| 040 |
_aARTS _cARTS _bhin |
||
| 041 |
_2hin _ahin |
||
| 082 | _aQ14:21, 15K4.5 | ||
| 100 | _aसातवलेकर, दामोदर, ले. | ||
| 245 | 0 | _aअर्थववेद का सुबोध अनुवाद मेधाजनन, संगठन और विजय | |
| 246 | _aArthavaved kā subodh anuvād medhājanana, sangaṭhan aur vijaya | ||
| 260 |
_aबलसाड _b बंसत श्रीपाद सातवलेकर _c1964 |
||
| 300 |
_a330पृ. _ccm. |
||
| 490 | _vभाग 5 | ||
| 650 | _aधर्मशास्त्र | ||
| 942 |
_hQ14:21, 15K4.5 _cTEXL _2CC |
||
| 999 |
_c388432 _d388432 |
||